000
00203nam a2200085Ia 4500
008
120527s9999 xx 000 0 und d
100
_a
Pantall, et al
245
_a
Taking care of your children
942
_c
BK
999
_c
27298
_d
27298